| 000 | 01007nam a2200253Ia 4500 | ||
|---|---|---|---|
| 003 | OSt | ||
| 005 | 20220923211032.0 | ||
| 006 | a|||||r|||| 00| 0 | ||
| 007 | ta | ||
| 008 | 220922b |||||||| |||| 00| 0 hin d | ||
| 020 |
_a8171380808 (hbk) _c150 |
||
| 024 | _a233,823 | ||
| 037 |
_b298, 11/03/2008, Swaraj Prakashan _cTextual |
||
| 040 |
_aARTS _cARTS _bhin |
||
| 041 |
_2hin _ahin |
||
| 082 | _aP1520aX:8, M7;P6 | ||
| 100 |
_aश्रीवास्तव, गोपीनाथ; आन्नद प्रकाश _9157388 |
||
| 245 | 0 | _aहिन्दी कार्यालय निर्देशिका | |
| 246 | _aHindī kāryālaya nirdeshikā | ||
| 260 |
_aनई दिल्ली _b सामयिक प्रकाशन _c2006 |
||
| 300 |
_a152पृ. _ccm. |
||
| 942 |
_hP1520aX:8, M7;P6 _cTEXL _2CC |
||
| 999 |
_c294253 _d294253 |
||